Metronidazole "controlled release delivery systems"/ (Record no. 19186)
[ view plain ]
| 000 -LEADER | |
|---|---|
| fixed length control field | 00858nam a22002415a 4500 |
| 005 - DATE AND TIME OF LATEST TRANSACTION | |
| control field | 20160120155628.0 |
| 008 - FIXED-LENGTH DATA ELEMENTS--GENERAL INFORMATION | |
| fixed length control field | 150414s2014 gw a frb 000 0 eng d |
| 020 ## - INTERNATIONAL STANDARD BOOK NUMBER | |
| International Standard Book Number | 9783659532306 |
| 040 ## - CATALOGING SOURCE | |
| Original cataloging agency | EG-ScBUE |
| Language of cataloging | eng |
| Transcribing agency | EG-ScBUE |
| Modifying agency | EG-ScBUE |
| 082 04 - DEWEY DECIMAL CLASSIFICATION NUMBER | |
| Classification number | 615.314 |
| Item number | ABD |
| Edition number | 22 |
| 100 1# - MAIN ENTRY--PERSONAL NAME | |
| Personal name | AbdelRhman, Dalia. |
| 9 (RLIN) | 37627 |
| 245 10 - TITLE STATEMENT | |
| Title | Metronidazole "controlled release delivery systems"/ |
| Statement of responsibility, etc | Dalia Abdelrhman, Alaa Eldin Kassem and Maha Marzouk. |
| 246 30 - VARYING FORM OF TITLE | |
| Title proper/short title | Controlled release delivery systems |
| 260 ## - PUBLICATION, DISTRIBUTION, ETC. (IMPRINT) | |
| Place of publication, distribution, etc | Saarbrücken : |
| Name of publisher, distributor, etc | Lap Lambert Academic Publishing, |
| Date of publication, distribution, etc | 2014. |
| 300 ## - PHYSICAL DESCRIPTION | |
| Extent | 411 p. : |
| Other physical details | ill. ; |
| Dimensions | 23 cm. |
| 504 ## - BIBLIOGRAPHY, ETC. NOTE | |
| Bibliography, etc | Bibliography : p. 373-411. |
| 650 #7 - SUBJECT ADDED ENTRY--TOPICAL TERM | |
| 9 (RLIN) | 37630 |
| Topical term or geographic name as entry element | Metronidazole. |
| Source of heading or term | BUEsh |
| 651 ## - SUBJECT ADDED ENTRY--GEOGRAPHIC NAME | |
| Source of heading or term | BUEsh |
| 653 ## - INDEX TERM--UNCONTROLLED | |
| Resource For college | Pharmacy |
| Arrived date list | April2015 |
| -- | January2016 |
| 700 1# - ADDED ENTRY--PERSONAL NAME | |
| 9 (RLIN) | 37629 |
| Personal name | Marzouk, Maha. |
| 700 1# - ADDED ENTRY--PERSONAL NAME | |
| 9 (RLIN) | 37628 |
| Personal name | Kassem, Alaa ElDin. |
| 942 ## - ADDED ENTRY ELEMENTS (KOHA) | |
| Source of classification or shelving scheme | Dewey Decimal Classification |
| Call number prefix | 615.314 ABD |
| Withdrawn status | Item status | Source of classification or shelving scheme | Damaged status | Not for loan | Vendor | Home library | Current library | Shelving location | Date acquired | Source of acquisition | Total Checkouts | Full call number | Barcode | Date last seen | Koha item type | Cost, normal purchase price | Cost, replacement price | Serial Enumeration / chronology |
|---|---|---|---|---|---|---|---|---|---|---|---|---|---|---|---|---|---|---|
| Dewey Decimal Classification | Baccah | Central Library | Central Library | First floor | 14/04/2015 | 615.314 ABD | 000037999 | 15/07/2025 | Book - Borrowing | |||||||||
| Dewey Decimal Classification | Baccah | Central Library | Central Library | First floor | 14/04/2015 | 615.314 ABD | 000038010 | 15/07/2025 | Book - Borrowing | 703.00 | 879.00 | |||||||
| Dewey Decimal Classification | Baccah | Central Library | Central Library | First floor | 08/07/2015 | Purchase | 615.314 ABD | 000039467 | 15/07/2025 | Book - Borrowing | 703.00 | 879.00 | 21782 |